LEADER 01154nas a2200217 i 4500 001 000000251539 003 CaOOAMICUS 005 20161117000000.0 008 161117b1743 it uu u0 0ita r 013 $a230444 026 $at-so l'I. nada sede (3) 1743 (R) 040 $aSeMil$bita 245 10$aNovelle della Repubblica letteraria per l'anno 1743. Pubblicate sotto gli auspizj dell' ... Alessandro Tanari cardinale di Santa Chiesa. 260 $aIn Venezia :$bAppresso Domenico Occhi,$c1743. 300 $a[8], 423, [1] p. 500 $aStemma cardinalizio calcogr. sul front. - Segn. : pg4 A-3G4. 773 0 $aAccademia dei Planomaci$tNovelle della repubblica delle lettere dell'anno ..$dIn Venezia : Appresso Giovambatista Albrizzi q. Gir., 1729-1733.$w()2536 850 $aSeMil 852 $aSeMil$W1$xVenegono$y1$m1R VI 22 FA$j201885$B201885$CSeMilBibl$Z2$F214240 $8I 996 $6245$aNovelle della Repubblica letteraria per l'anno 1743. Pubblicate sotto gli auspizj dell' ... Alessandro Tanari cardinale di Santa Chiesa$9(OLS)http://semarc/title/353814 996 $6260$aIn Venezia :$bAppresso Domenico Occhi$9(OLS)http://semarc/publisher/52702 LEADER 00913nam a2200217 i 4500 001 000000096858 003 CaOOAMICUS 005 20100107000000.0 008 100107s1931 fr u000 u fre u 013 $a69100 040 $aSeMil$bita 100 1 $aAllo, Ernest-Bernard,$c.$0(OLS)http://semarc/name/22584 245 10$aPlaies d'Europe et baumes du Gange /$cE.-B. Allo. 260 $aJuvisy :$bLes Éditions du Cerf,$cimpr. 1931$e(Ligugé :$fAubin,$gimpr. 1931) 300 $a236 p. ;$c20 cm. 650 4$aInduismo.$0(OLS)http://semarc/subject/907 650 4$aCristianesimo e induismo.$0(OLS)http://semarc/subject/4622 850 $aSeMil 852 $aSeMil$W1$xVenegono$y1$m2X I 24$j56248$B56248$CSeMilBibl$Z2$F64459 $81 996 $6245$aPlaies d'Europe et baumes du Gange$9(OLS)http://semarc/title/119594 996 $6260$aJuvisy :$bLes Éditions du Cerf$9(OLS)http://semarc/publisher/31163